Les pays du monde/Niveau 2: Normal - Statistiques

Statistiques générales
  • Ce quiz a été pris 67 fois
    49 depuis la dernière actualisation
  • Le résultat moyen est 17 sur 20
Statistiques - réponses
Par images Réponse % Correct
Afrique du sud
95%
Chine
95%
Népal
95%
Norvège
93%
Algérie
90%
Iran
90%
Islande
90%
Israël
90%
Nouvelle-zélande
90%
Costa Rica
88%
Équateur
88%
Géorgie
88%
Bulgarie
85%
Chili
85%
Hongrie
85%
Panama
85%
Thaïlande
83%
Nicaragua
80%
Monaco
78%
Afghanistan
58%
Aucun quiz correspondant
Distribution des résultats
% des personnes avec chaque résultat
Percentile par nombre de réponses
Votre historique - résultats
Vous n’avez pas pris ce quiz depuis la dernière actualisation